000
00315nam a2200133Ia 4500
008
231129s1979||||xx |||||||||||||| ||spa||
040
_b
spa
082
_a
823 G796r
100
_a
Greene Graham
245
0
_a
El reves de la trama
260
_c
1979
264
_a
Buenos Aires (Argentina) : Sur
942
_2
ddc
_c
BKS
999
_c
12318
_d
12318